00665nam a2200193Ia 4500952013300000999001700133003000400150005001700154008004100171020001800212040000900230082001800239100002800257245007500285260004800360300000900408650001200417942004200429 00102ddc40708HISTORYaMESbMEScHISd2019-02-20g345.00l0o954.14 EAT/Rp35778r2019-02-20 00:00:00w2019-02-20yBKzGL37R4 c21524d21524OSt20200624145925.0190216s9999||||xx |||||||||||||| ||und|| a9780195641738 coclc a954.14bEAT/R aEaton, Richard M 93206 4aThe Rise Of Islam And The Bengal Frontier 1204-1760 /cRichard M Eaton bOxford University Press,c2011.aNew Delhi: a359p aHistory cBK2ddch954.14iEAT/Rk954.14mEAT/R